Vista normal
Vista MARC
Entrada Topical Term
Número de registros utilizados en: 1
001 - CONTROL NUMBER
- control field: 39231
003 - CONTROL NUMBER IDENTIFIER
- control field: OSt
005 - DATE AND TIME OF LATEST TRANSACTION
- control field: 20210810145752.0
008 - FIXED-LENGTH DATA ELEMENTS
- fixed length control field: 210810|| aca||aabn | a|a d
040 ## - CATALOGING SOURCE
- Original cataloging agency: OSt
- Transcribing agency: OSt
150 ## - HEADING--TOPICAL TERM
- Topical term or geographic name entry element: Evaluación de proyectos
- General subdivision: Manuales
670 ## - SOURCE DATA FOUND
- Source citation: Work cat.: (OSt)8279: Vélez Pareja, Ignacio, 12045 autor, Evaluación financiera de proyectos de inversión / , 1994